MUDr. Silvester Krčméry - 70-ročný

Bibliographic Details
Format: Article
Language:Slovak
PhysicalDescription:Fotogr. 1
ISSN:1335-0625
Subjects:

MARC

LEADER 00000nab a2200000 a 4500
001 vtls000546987
003 SK-MaSNL
005 20260304090334.0
008 250425c1994 xo 0 slo
015 |a SNBRB19rr/mm-uuuuu 
035 |a CL0547125 
035 |a urn:nbn:sk:snk-ab6wer 
035 |a (uuid)f20bcd8d-3162-407d-b36e-7a168cae9b9a 
035 |a (urnnbn)urn:nbn:sk:snk:ar-a062in 
035 |a (sysno)vtls000546987 
040 |a SNKBUCL  |b slo  |c SNKBUCL  |e AACR2 
041 0 |a slo 
044 |a xo  |c SK 
080 |a 61-051:616.2  |2 1981 
080 |a 616.2  |2 1981 
080 |a 929 Krčméry, Silvester  |2 1981 
245 0 0 |a MUDr. Silvester Krčméry - 70-ročný 
300 |b Fotogr. 1 
600 1 7 |a Krčméry, Silvester,  |d 1924-2013  |2 snkbucl  |9 113414 
655 7 |a články z novín a časopisov  |2 snkbucl  |9 267496 
773 0 |t Slovenská rádiológia  |g Roč. 1, č. 2 (1994), s. 64  |x 1335-0625 
850 |a Slovenská národná knižnica 
852 |a Slovenská národná knižnica 
954 |a odborná, vedecká literatúra pôvodná (slovenská)  |2 lita 
958 |a article27 
958 |a BX 
958 |a RK 
958 |a MI 
958 |a SK 
958 |a OND 
958 |a EUIPO 
992 |a RBX 
999 |c 2811147  |d 2813077